000 003020000a22000970004500
100 1 _aBartholomew, Craig G. (1961-)
245 1 0 _aEvangelicalism at the outset of the 21st century : A review Essay
300 _aVol. 9, Núm 1 (2000), Páginas 49-59
773 0 _tEuropean Journal of Theology
942 _cANA
999 _c53981
_d53981